| 000 | 00953nam a22002297a 4500 | ||
|---|---|---|---|
| 999 |
_c1905 _d1905 |
||
| 003 | AR-CdUCM | ||
| 008 | 190228b ||||| |||| 00| 0 spa d | ||
| 040 |
_aMUNICIPALIDAD PROVINCIAL DEL CUSCO _cBIBLIOTECA MUNICIPAL DEL CUSCO |
||
| 082 |
_a342.147 / _bK76 |
||
| 100 |
_aKorovin, Y. _96964 |
||
| 245 | _aDerecho internacional público / | ||
| 260 |
_aMéxico, D.F : _bEdit. Grijalbo, _c1963. |
||
| 300 |
_a477 paginas ; _c23 cm. |
||
| 505 | _aConcepto del derecho internacional -- Fuentes del derecho internacional -- Historia del derecho internacional -- La soberanía estatal -- tratados internacionales -- Organizaciones internacionales... | ||
| 650 |
_aPactos internacionales _96965 |
||
| 650 |
_aDerechos y deberes _96966 |
||
| 650 |
_aOrganización de las Naciones Unidas _96967 |
||
| 650 |
_aOrganización de Estados Americanos _96968 |
||
| 700 |
_aJuan Villalba. (Traducción) _96969 |
||
| 942 |
_2ddc _cLIBROS |
||
| 945 |
_awnts _d2019-02-28 |
||